ENGINEERING FLUID MECHANICS (Record no. 203299)
[ view plain ]
| 000 -LEADER | |
|---|---|
| fixed length control field | 00240nam a2200097Ia 4500 |
| 050 ## - LIBRARY OF CONGRESS CALL NUMBER | |
| Classification number | TA 357 .R63 1980 |
| 100 ## - MAIN ENTRY--PERSONAL NAME | |
| Personal name | ROBERSON JOHN A. |
| 245 #0 - TITLE STATEMENT | |
| Title | ENGINEERING FLUID MECHANICS |
| 942 ## - ADDED ENTRY ELEMENTS (KOHA) | |
| Koha item type | Long Loan Book |
| Withdrawn status | Lost status | Source of classification or shelving scheme | Damaged status | Not for loan | Collection | Home library | Current library | Shelving location | Date acquired | Inventory number | Total checkouts | Full call number | Barcode | Date last seen | Copy number | Price effective from | Koha item type |
|---|---|---|---|---|---|---|---|---|---|---|---|---|---|---|---|---|---|
| Library of Congress Classification | Science & Technology | Kisii University Library | Kisii University Library | On Display | 08/07/2024 | 56952 | TA 357.R63 1980 | 035499 | 08/07/2024 | C.1 | 08/07/2024 | Long Loan Book | |||||
| Library of Congress Classification | Science & Technology | Kisii University Library | Kisii University Library | On Display | 08/07/2024 | 67056 | TA 357.C76 2000 | 037179 | 08/07/2024 | C.1 | 08/07/2024 | Long Loan Book |